[Event "Berlin Lieb Memorial 4th"]
[Site "Berlin"]
[Date "2018.05.24"]
[Round "2"]
[White "Grosse Austing, Bernhard"]
[Black "Baesecke, Helmut"]
[Result "1/2-1/2"]
[WhiteElo "1238"]
[BlackElo "1694"]
[PlyCount "99"]
[EventDate "2018.05.17"]
[EventType "swiss"]
[EventRounds "7"]
[EventCountry "GER"]
[SourceTitle "CBM 189 Extra"]
[Source "ChessBase"]
[SourceDate "2019.06.03"]
[SourceVersion "1"]
[SourceVersionDate "2019.06.03"]
[SourceQuality "1"]

1. e4 e6 2. d4 d5 3. e5 c5 4. c3 Nc6 5. Nf3 Qb6 6. Be3 Bd7 7. b3 Rc8 8. Be2 cxd4 9. Nxd4 Nxd4 10. Qxd4 Qxd4 11. Bxd4 Bc5 12. 0-0 Bxd4 13. cxd4 Ne7 14. a4 0-0 15. Nd2 Rc2 16. Rfd1 Rfc8 17. Bd3 R2c3 18. Bb5 Nc6 19. Rac1 Rxc1 20. Rxc1 Nxd4 21. Rxc8+ Bxc8 22. Bd3 f5 23. f4 Kf7 24. Kf2 Ke7 25. Ke3 Nc6 26. Nf3 Nb4 27. Nh4 Nxd3 28. Kxd3 b6 29. Nf3 Ba6+ 30. Kc3 Bf1 31. g3 Kd7 32. Nd4 a6 33. b4 Bc4 34. b5 axb5 35. axb5 Bf1 36. Kb4 Bh3 37. Nc6 Bg4 38. Nb8+ Kc7 39. Nc6 Bh5 40. Nd4 Kd7 41. Nc6 Be8 42. Nd4 Ke7 43. h3 h6 44. Ne2 g5 45. Nc3 gxf4 46. gxf4 Kd7 47. Ne2 Bh5 48. Nd4 Bd1 49. Nc6 h5 50. h4 1/2-1/2

[Event "Berlin Lieb Memorial 4th"]
[Site "Berlin"]
[Date "2018.05.17"]
[Round "1"]
[White "Baesecke, Helmut"]
[Black "Brustkern, Juergen"]
[Result "0-1"]
[WhiteElo "1694"]
[BlackElo "2239"]
[PlyCount "72"]
[EventDate "2018.05.17"]
[EventType "swiss"]
[EventRounds "7"]
[EventCountry "GER"]
[SourceTitle "CBM 189 Extra"]
[Source "ChessBase"]
[SourceDate "2019.06.03"]
[SourceVersion "1"]
[SourceVersionDate "2019.06.03"]
[SourceQuality "1"]

1. c4 e5 2. Nc3 Nc6 3. g3 f5 4. Bg2 Nf6 5. d3 Bc5 6. Nf3 d6 7. 0-0 0-0 8. Bd2 Qe8 9. a3 a5 10. Nb5 Bb6 11. Nc3 Qh5 12. e3 f4 13. Nh4 Bg4 14. Bf3 g5 15. Bxg4 Nxg4 16. h3 gxh4 17. hxg4 Qg6 18. gxf4 Qxd3 19. Qe2 Qg6 20. Nd5 Rae8 21. Qf3 exf4 22. Nxf4 Ne5 23. Qd5+ Qf7 24. Bc3 Qxd5 25. Nxd5 Nxg4 26. Nxb6 cxb6 27. Rad1 Re6 28. Rd2 Rg6 29. Kh1 Nxe3 30. Rg1 Nxc4 31. Rxg6+ hxg6 32. Rd4 b5 33. Rxh4 Rxf2 34. Rh8+ Kf7 35. Rh7+ Ke6 36. Rxb7 Rf5 0-1